Mejor sexto hombre de la NBA - Estadísticas

Estadísticas generales
  • Esta prueba ha sido intentada 74 veces
  • La puntuación promedio es 9 de 27
Estadísticas de respuestas
Temporada Equipo Jugador % Correcto
2021-22 Miami Heat Tyler Herro
77%
2007-08 San Antonio Spurs Manu Ginobili
76%
2011-12 Oklahoma City Thunder James Harden
70%
2014-15 Toronto Raptors Lou Williams
61%
2017-18 Los Angeles Clippers Lou Williams
61%
2018-19 Los Angeles Clippers Lou Williams
61%
2009-10 Atlanta Hawks Jamal Crawford
58%
2013-14 Los Angeles Clippers Jamal Crawford
58%
2015-16 Los Angeles Clippers Jamal Crawford
58%
2020-21 Utah Jazz Jordan Clarkson
58%
1995-96 Chicago Bulls Toni Kukoč
39%
2016-17 Houston Rockets Eric Gordon
38%
2004-05 Chicago Bulls Ben Gordon
33%
2010-11 Los Angeles Lakers Lamar Odom
30%
2019-20 Los Angeles Clippers Montrezl Harrell
27%
2008-09 Dallas Mavericks Jason Terry
26%
2012-13 New York Knicks J.R. Smith
23%
1996-97 New York Knicks John Starks
18%
2002-03 Sacramento Kings Bobby Jackson
12%
2006-07 Phoenix Suns Leandro Barbosa
11%
2005-06 Memphis Grizzlies Mike Miller
11%
2001-02 Detroit Pistons Corliss Williamson
8%
2000-01 Philadelphia 76ers Aaron McKie
6%
1997-98 Phoenix Suns Danny Manning
6%
1998-99 Orlando Magic Darrell Armstrong
6%
2003-04 Dallas Mavericks Antawn Jamison
5%
1999-00 Phoenix Suns Rodney Rogers
5%
No se encontraron pruebas coincidentes
Distribución de puntuación
Porcentaje de gente con cada puntuación
Porcentaje por número respondido
Historial de tus puntuaciones
No has intentado esta prueba.